000
00291nam a22001097a 4500
082
_a
500.9 PLE'S
100
_a
PLEDGE, H. T
_9
57728
245
_a
SCIENCE SINCE 1500 A SHORT HISTORY OF MATHEMATICS PHYSICS CHEMISTRY BIOLOGY
260
_a
NEWYORK
_b
HARPER
_c
1959
300
_a
356P
942
_c
BK
999
_c
567997
_d
567997